000 00503 a2200169 4500
003 OSt
005 20240208130905.0
008 240208b |||||||| |||| 00| 0 eng d
040 _coclc
082 _a894.8124
_bTHI/I
100 _aThiruvazhamkunnu, T. R
_910432
245 _aIndia Iruttilekku /
_cT. R Thiruvazhamkunnu
250 _a1st ed.
260 _aKozhikode:
_bKerala Yukthivadi Sangaom,
_c2014.
300 _a79p.
942 _2ddc
_cBK
_h894.8124
_iTHI/I
_k894.8124
_mTHI/I
999 _c44403
_d44403